[Event "EIBCC 2019"]
[Site "Tallinn"]
[Date "2019.12.07"]
[Round "22.30"]
[White "Peterson, Emery"]
[Black "Sysolyatin, Evgeny"]
[Result "0-1"]
[WhiteElo "2195"]
[BlackElo "2396"]
[Annotator "NA"]
[PlyCount "72"]
[EventDate "2019.12.06"]
[EventType "swiss"]
[EventCountry "EST"]
[SourceTitle "playchess.com"]
[Source "ChessBase"]
[SourceQuality "1"]

1. d4 d5 2. Nc3 Nf6 3. e4 dxe4 4. f3 exf3 5. Nxf3 Bg4 6. Bc4 e6 7. O-O Be7 8. Kh1 O-O 9. Be3 Nbd7 10. Qe1 c5 11. Rd1 cxd4 12. Bxd4 Qc8 13. Bd3 Bh5 14. Qh4 Bg6 15. Bxg6 hxg6 16. Ng5 Nh5 17. Rf3 Ndf6 18. g4 Nh7 19. Be3 Qc6 20. Rdf1 Bxg5 21. Bxg5 Nxg5 22. Qxg5 Nf6 23. h4 Rad8 24. h5 Ne4 25. Nxe4 Qxe4 26. h6 Rd5 27. Qh4 gxh6 28. Kg1 Qd4+ 29. R1f2 Rg5 30. Rg3 Qg7 31. c3 Rd8 32. Kh2 Rc8 33. Rd2 Rc4 34. Qh3 Rcxg4 35. Rxg4 Qe5+ 36. Rg3 Rh5 0-1

[Event "EIBCC 2019"]
[Site "Tallinn"]
[Date "2019.12.07"]
[Round "22.31"]
[White "Askerov, Marat"]
[Black "Vorobjov, Pavel"]
[Result "1-0"]
[WhiteElo "2164"]
[BlackElo "2362"]
[Annotator "NA"]
[PlyCount "112"]
[EventDate "2019.12.06"]
[EventType "swiss"]
[EventCountry "EST"]
[SourceTitle "playchess.com"]
[Source "ChessBase"]
[SourceQuality "1"]

1. d4 Nf6 2. c4 g6 3. Nc3 Bg7 4. e4 d6 5. Be2 O-O 6. Be3 e5 7. d5 Na6 8. g4 Nc5 9. f3 a5 10. h4 h5 11. g5 Nfd7 12. Qd2 a4 13. Nh3 Nb6 14. Rb1 c6 15. Nf2 cxd5 16. cxd5 Bd7 17. b4 axb3 18. axb3 Be8 19. b4 Nca4 20. Nb5 Rc8 21. Ra1 Nc4 22. Bxc4 Rxc4 23. Na3 Rc8 24. Nd3 f6 25. Rg1 f5 26. Rc1 Rxc1+ 27. Qxc1 fxe4 28. fxe4 Rf7 29. Rg2 Rf3 30. Ke2 Rh3 31. Qc2 Bd7 32. b5 Nc5 33. Nxc5 dxc5 34. Qxc5 Bf8 35. d6 Bg4+ 36. Rxg4 hxg4 37. Nc4 Rh2+ 38. Kd3 g3 39. Qd5+ Kh8 40. Qxe5+ Kh7 41. Qxg3 Rh1 42. h5 Rxh5 43. Qe5 Rh1 44. Bd4 Rd1+ 45. Nd2 Rxd2+ 46. Kxd2 Qa5+ 47. Bc3 Qa2+ 48. Bb2 Qa5+ 49. Ke3 Qe1+ 50. Kd3 Qd1+ 51. Kc4 Qe2+ 52. Kb3 Qd3+ 53. Bc3 Qb1+ 54. Kc4 Qf1+ 55. Kc5 Qf2+ 56. Qd4 Qxd4+ 1-0

[Event "EIBCC 2019"]
[Site "Tallinn"]
[Date "2019.12.07"]
[Round "22.32"]
[White "Psyk, Radoslaw"]
[Black "D`Costa, Lorin"]
[Result "1-0"]
[WhiteElo "2144"]
[BlackElo "2361"]
[Annotator "NA"]
[PlyCount "59"]
[EventDate "2019.12.06"]
[EventType "swiss"]
[EventCountry "EST"]
[SourceTitle "playchess.com"]
[Source "ChessBase"]
[SourceQuality "1"]

1. e4 c5 2. Nc3 a6 3. f4 b5 4. Nf3 Bb7 5. d3 d6 6. g3 g6 7. Bg2 Bg7 8. O-O Nf6 9. Be3 O-O 10. Qc1 Nc6 11. f5 Ng4 12. Bd2 Nd4 13. h3 b4 14. Nxd4 bxc3 15. bxc3 cxd4 16. hxg4 dxc3 17. Bh6 Qb6+ 18. Kh2 Qd4 19. Bxg7 Kxg7 20. g5 Qe5 21. d4 Qxd4 22. f6+ Kh8 23. Rb1 Bxe4 24. Qf4 d5 25. fxe7 Rfe8 26. Bxe4 dxe4 27. Qf6+ Qxf6 28. gxf6 h5 29. g4 hxg4 30. Kg3 1-0

[Event "EIBCC 2019"]
[Site "Tallinn"]
[Date "2019.12.07"]
[Round "22.34"]
[White "Timoshin, Andrei"]
[Black "Belous, Mikhail"]
[Result "0-1"]
[WhiteElo "2130"]
[BlackElo "2286"]
[Annotator "NA"]
[PlyCount "93"]
[EventDate "2019.12.06"]
[EventType "swiss"]
[EventCountry "EST"]
[SourceTitle "playchess.com"]
[Source "ChessBase"]
[SourceQuality "1"]

1. e4 c5 2. Nc3 a6 3. f4 b5 4. d4 cxd4 5. Qxd4 Bb7 6. Nf3 d6 7. Bd3 Nc6 8. Qf2 g6 9. a3 Bg7 10. Be3 Nf6 11. h3 O-O 12. O-O b4 13. Nd5 bxa3 14. Nxf6+ Bxf6 15. Rxa3 Nb4 16. Rb3 Nxd3 17. cxd3 Bc6 18. Nd4 Bd7 19. Ra1 a5 20. Nf3 a4 21. Rb6 Rb8 22. e5 Bg7 23. Rc1 Rxb6 24. Bxb6 Qa8 25. Bd4 dxe5 26. Bxe5 Qd5 27. Rc7 Rc8 28. Rxc8+ Bxc8 29. Qc2 Bb7 30. Qc7 Bxe5 31. fxe5 Kg7 32. Qxe7 Qc6 33. d4 Qc1+ 34. Kh2 Qf4+ 35. Kg1 Qc1+ 36. Kf2 Qxb2+ 37. Kg3 Bxf3 38. gxf3 Qb6 39. d5 Qg1+ 40. Kf4 Qd4+ 41. Kg3 Qxd5 42. Qf6+ Kg8 43. f4 a3 44. Qa6 a2 45. Kh4 h6 46. Qc8+ Kg7 47. Qa6 0-1

[Event "EIBCC 2019"]
[Site "Tallinn"]
[Date "2019.12.07"]
[Round "22.36"]
[White "Szadkowski, Kamil"]
[Black "Vlassow, Valentin"]
[Result "1-0"]
[WhiteElo "2095"]
[BlackElo "2265"]
[Annotator "NA"]
[PlyCount "127"]
[EventDate "2019.12.06"]
[EventType "swiss"]
[EventCountry "EST"]
[SourceTitle "playchess.com"]
[Source "ChessBase"]
[SourceQuality "1"]

1. e4 g6 2. d4 Bg7 3. Nc3 c5 4. Nf3 cxd4 5. Nxd4 Nc6 6. Be3 Nf6 7. Nxc6 bxc6 8. e5 Nd5 9. Nxd5 cxd5 10. Qxd5 Rb8 11. Bc4 O-O 12. Bb3 Bb7 13. Qd4 Bxg2 14. Rg1 Bc6 15. O-O-O d6 16. Qh4 Bxe5 17. Bd4 Bxd4 18. Rxd4 e5 19. Qh6 Qf6 20. Rh4 Qg7 21. Qd2 d5 22. Rhg4 Bd7 23. R4g3 Be6 24. h4 h5 25. Rg5 Bg4 26. Qxd5 Kh7 27. Rxe5 Be6 28. Qe4 Qh6+ 29. Kb1 Bxb3 30. axb3 Rb6 31. Re7 Rf6 32. Rg5 Rxf2 33. Rxa7 Kg8 34. Qd5 Qg7 35. Ra6 Rf6 36. Ra7 Rf1+ 37. Ka2 Qf6 38. b4 Rf2 39. c3 Kg7 40. Qe5 Qxe5 41. Rxe5 Rf4 42. b5 Rxh4 43. b6 Rb8 44. Ree7 Rf4 45. b7 h4 46. Ra8 Rxb7 47. Rxb7 h3 48. Kb3 g5 49. Rb5 g4 50. Rg5+ Kf6 51. Rag8 h2 52. Rh5 Ke6 53. Rxh2 f5 54. c4 Rf3+ 55. Kb4 g3 56. Rh6+ Ke5 57. Rhg6 f4 58. c5 Rf2 59. b3 Ke4 60. c6 Kf3 61. c7 Rc2 62. c8=Q Rxc8 63. Rxc8 g2 64. Rxg2 1-0